Southville International School and Colleges
Your cart is empty.
  • Cart
  • Lists
    Public lists Eva Luna New books Lux_list list_1
    Your lists Log in to create your own lists
  • Log in to your account
  • Your cookies
  • Search history
Southville International School and Colleges
  • Advanced search
  • Recent comments
  • Most popular
  • Libraries

Log in to your account

Log in with GOOGLE


If you do not have an external account, but do have a local account, you can still log in:

  1. Home
  2. MARC view: Exploring the basics of drawing.
Normal view MARC view ISBD view

Exploring the basics of drawing. (Record no. 22559)

[ view plain ]
MARC details
000 -LEADER
fixed length control field 00491nam a2200181 a 4500
005 - DATE AND TIME OF LATEST TRANSACTION
control field 20140310183415.0
008 - FIXED-LENGTH DATA ELEMENTS--GENERAL INFORMATION
fixed length control field 070914s19uu xx 00 eng d
020 ## - INTERNATIONAL STANDARD BOOK NUMBER
International Standard Book Number 1401815731
050 ## - LIBRARY OF CONGRESS CALL NUMBER
Classification number NC 650
Item number .V395 2005
100 ## - MAIN ENTRY--PERSONAL NAME
Personal name Vebell, Victoria
245 ## - TITLE STATEMENT
Title Exploring the basics of drawing.
260 ## - PUBLICATION, DISTRIBUTION, ETC. (IMPRINT)
Place of publication, distribution, etc U.S.A :
Name of publisher, distributor, etc Thomson Delmar Learning,
Date of publication, distribution, etc 2005.
300 ## - PHYSICAL DESCRIPTION
Extent 226 p. :
Other physical details col. ill. ;
Dimensions 26 CM.
521 ## - TARGET AUDIENCE NOTE
Target audience note
650 ## - SUBJECT ADDED ENTRY--TOPICAL TERM
Topical term or geographic name as entry element Drawing
General subdivision Technique.
942 ## - ADDED ENTRY ELEMENTS (KOHA)
Koha item type Books
Source of classification or shelving scheme Library of Congress Classification
Call number prefix Foreign
Holdings
Withdrawn status Lost status Source of classification or shelving scheme Damaged status Home library Current library Shelving location Date acquired Total Checkouts Total Renewals Full call number Barcode Date last seen Date checked out Copy number Price effective from Koha item type
    Library of Congress Classification   College Library College Library General Circulation Section 01/22/2014 4 1 NC 650 .V395 2005 C8607 05/15/2018 01/30/2015 1 01/22/2014 Books

Exploring the basics of drawing.

APA

Vebell V., . (2005). Exploring the basics of drawing. U.S.A: Thomson Delmar Learning.

Chicago

Vebell Victoria, . 2005. Exploring the basics of drawing. U.S.A: Thomson Delmar Learning.

Harvard

Vebell V., . (2005). Exploring the basics of drawing. U.S.A: Thomson Delmar Learning.

MLA

Vebell Victoria, . Exploring the basics of drawing. U.S.A: Thomson Delmar Learning. 2005.

  • Place hold
  • Print
  • Cite
  • Add to your cart (remove)
  • Save record
    BIBTEX Dublin Core MARCXML MARC (non-Unicode/MARC-8) MARC (Unicode/UTF-8) MARC (Unicode/UTF-8, Standard) MODS (XML) RIS
  • More searches
    Search for this title in:
    Other Libraries (WorldCat) Other Databases (Google Scholar) Online Stores (Bookfinder.com) Open Library (openlibrary.org)

Exporting to Dublin Core...

SOUTHVILLE LIBRARY

Southville International School and Colleges Library

1281 Tropical Ave. Cor. Luxembourg St., BF Homes International, Las Pinas City

Tel. No. 8256374 / 252358 Loc. 117/146

Powered by Koha